Responses for Show #6166 - Monday, June 6, 2011

Contestants

[<< previous game]

Sam Meyer, a graduate student of Middle Eastern studies originally from St. Joseph, Minnesota

Joanna Liff, an electronic publishing specialist from Chicago, Illinois

Jericho Saria, a freelance video producer originally from Stockton, California (whose 2-day cash winnings total $53,602)

[next game >>]

Jeopardy! Round responses

WE'RE ANIMATED ABOUT BOOKS
TOAST
ANCIENT VIPs
WE MAKE MONEY
THE OLD-FASHIONED WAY
WE "URN" IT
    $200 20
The Grapes of Wrath

Sam
    $200 1
(Sam: What's a BLT?)

a tuna melt

JoannaSam
    $200 6
Attila

Joanna
    $200 7
the State Department

Sam
    $200 18
long playing recordings

Sam
    $200 13
a gurney

Jericho
    $400 21
Watchmen

Sam
    $400 2
(Alex: Everything's better with [*] on it.)

Blue Bonnet

Triple Stumper
    $400 8
Philip

Jericho
    $400 12
Philadelphia

Joanna
    $400 19
The New York Times

Joanna
    $400 14
nocturnal

Sam
    $600 22
Lord of the Flies

Joanna
    $600 3
(Jericho: What are breadsticks?)

garlic bread

JerichoJoanna
    $600 9
Socrates

Jericho
    $600 28
Fort Knox

Joanna
    $600 25
(Howard) Cosell

Jericho
    $600 15
heartburn

Jericho
    $800 23
A Passage to India

Sam
    $800 4
tea

Joanna
    $800 10
Confucius

Sam
    $800 29
San Francisco

Joanna
    $800 26
(Alex: You're all too young to remember [*].)

Guy Lombardo

Triple Stumper
    $800 16
adjourn

Sam
    $1000 24
Trainspotting

Jericho
    $1000 5
a guava

Jericho
    $1000 11
Pliny (the Elder)

Jericho
    $1,000 30
Hamilton

Joanna
    $1000 27
(Jericho: What is A Million Years B.C.?)
[Initially ruled correct; reversed before the Daily Double at clue 30.]

One Million Years B.C.

Jericho
Triple Stumper
    $1000 17
Saturnalia

Jericho

Scores at the first commercial break (after clue 15):

Jericho Joanna Sam
$3,200 $2,200 $1,200

Scores at the end of the Jeopardy! Round:

Jericho Joanna Sam
$4,800 $5,600 $3,600

Double Jeopardy! Round responses

ROCK YOUR WORLD
CAPITAL CITY BIRTHPLACES
LAND OF LANDSCAPES
100 YEARS OR OLDER
WHAT DID JESUS DO?
"OD" WORDS
    $400 1
granite

Jericho
    $400 10
Reykjavik

Sam
    $400 6
Rome

Jericho
    $400 25
the Everglades

Joanna
    $400 2
the Jordan

Jericho
    $400 15
The Mod Squad

Joanna
    $800 5
igneous

Joanna
    $800 11
(Sam: What is Mexico City?)

Madrid

Sam
Triple Stumper
    $800 20
Flanders

Jericho
    $800 26
the Civil War

Joanna
    $800 3
water into wine

Sam
    $800 16
odyssey

Joanna
    $1200 8
(Alex: Sorry Joanna, not quickly enough.)

a schist

Triple Stumper
    $1200 12
London

Jericho
    $1200 22
Lake Geneva

Sam
    $1200 27
the Curies

Sam
    $1200 4
Jerusalem

Sam
    $1200 17
(Joanna: What is cod?)
(Jericho: What is haddock?)

scrod

JerichoJoanna
Triple Stumper
    $1600 9
(Jericho: What is glass?)
(Sam: What is sand?)

quartz

JerichoSam
Triple Stumper
    $1600 13
Havana

Jericho
    $1600 23
Tahoe

Jericho
    $1600 28
Gloria Stuart

Joanna
    $1600 7
the Sermon on the Mount

Sam
    $1,600 18
(Joanna: What is a daffodil?)

goldenrod

Joanna
    $3,400 30
mantle (rock)

Sam
    $2000 14
Stockholm

Joanna
    $2000 24
Giverny

Triple Stumper
    $2000 29
(Claude) Lévi-Strauss

Sam
    $2000 21
a fig tree

Sam
    $2000 19
ramrod

Triple Stumper

Scores at the end of the Double Jeopardy! Round:

Jericho Joanna Sam
$8,400 $9,600 $15,000

[wagering suggestions for these scores]

Final Jeopardy! Round responses

COLORFUL TITLES
JerichoWhat is Rhapsody in Blue?
$2,400
JoannaWhat is Rhapsody in Blue?
$7,201
SamWhat is Rhapsody in Blue?
$5,432
Rhapsody in Blue

Final scores:

Jericho Joanna Sam
$10,800 $16,801 $20,432
3rd place: $1,000 2nd place: $2,000 New champion: $20,432

Game dynamics:

Coryat scores:

Jericho Joanna Sam
$8,400 $11,200 $13,600
16 R,
4 W
17 R
(including 1 DD),
2 W
(including 1 DD)
17 R
(including 1 DD),
3 W

Combined Coryat: $33,200

[game clues] [game scores] [suggest correction]

Game tape date: 2011-02-22
The J! Archive is created by fans, for fans. Scraping, republication, monetization, and malicious use prohibited; this site may use cookies and collect identifying information. See terms. The Jeopardy! game show and all elements thereof, including but not limited to copyright and trademark thereto, are the property of Jeopardy Productions, Inc. and are protected under law. This website is not affiliated with, sponsored by, or operated by Jeopardy Productions, Inc. Join the discussion at JBoard.tv.